000 00569nam a22001817a 4500
005 20231024131303.0
008 231024b |||||||| |||| 00| 0 eng d
020 _a9780702171710
041 _aEnglish
082 _a347.1 ECK
100 _aPaterson TJM
_lEnglish
245 _aEckard's Principles of Civil Procedure in the Magistrates' Courts /
_cTJM Patterson
250 _aFifth Edition
260 _aCape Town :
_bJuta and Company Ltd,
_c2005
300 _bxlix, 349 pages ;
_c25,5 cm.
700 _aLegal practice
_cLaw
942 _cBK
_6ALISON_BN_VRIES
999 _c30
_d30